00649nam a2200145Ia 4500008004100000082002800041245013600069250001000205260002000215300001100235440005100246600003400297650013400331700003800465120622s9999 xx 000 0 und d a327.72 A673ha v.14 1971 aEl doctor Vicente G. Quesada y sus trabajos diplomaticos sobre Mexico / noticias recopiladas y comentadas por Fernando Gonzalez Roa a2a ed aMexico : Porrua a199 p. aArchivo Historico Diplomatico Mexicano ; no.14 a1. QUESADA, VICENTE G., 1830- a2. MEXICO - SERVICIO DIPLOMATICO Y CONSULAR \ 3. DOCUMENTOS DIPLOMATICOS - MEXICO \ 4. MEXICO - RELACIONES EXTERIORES - ARGENTINA aGonzalez Roa, Fernando ; comp.Ì